000 01129cam a2200301 a 4500
001 000019140
005 20250429112052.0
008 830629m19722008sp b 001 0 grc
020 _a8400050029
040 _aDO-SdBNP
_bspa
_cBNPHU
082 _a930
_bP766hi
100 0 _aPolibio.
_941179
245 1 0 _aHistorias /
_cPolibio ; texto revisado y traducido por Alberto Diaz Tejera.
260 _aMadrid :
_bConsejo Superior de Investigaciones Cientificas,
_c1972-.
300 _av. ;
_c21 cm.
490 1 _aAutores Griegos y Latinos
490 1 _aAlma Mater
500 _aLa biloteca posee el volumen 4
500 _aObra en dos idiomas
504 _aIncluye referencia bibliográficas y notas al pie de las páginas
505 0 _gv. 1.
_tLibro 1. pt. 1. Caps. 1-32 --
_gv.1. pt. 2 Caps. 32-88 --
_gv. 3.
_tLibro 3.
650 0 _aHistoria antigua
_918158
651 4 _aRoma
_xHistoria
_yREPÚBLICA, 510-30 a. C.
_941180
651 4 _aGrecia
_xHistoria,
_y146 a. C. -323 d. C.
_941181
700 1 2 _aDíaz Tejera, Alberto.
_941182
830 0 _aAutores griegos y latinos
_915129
910 _aValidado. Control de calidad MFF
999 _c18658
_d18658